000 00858nam a2200241 i 4500
001 184245
003 ES-MaACL
005 20250822052421.0
008 150529s2009 sp aco |||| |dspa d
020 _a978-84-613-6243-1
080 _a028.01
245 0 0 _aCinco libros en mi vida /
_c[Victorino Polo García ... et al.].
260 _aMurcia :
_bUniversidad de Murcia, Cátedra de Literatura Hispanoamericana,
_c[2009]
300 _a493 p. :
_bil. col., fot. ;
_c25 cm.
500 _aÍndices.
650 7 _aLibros y lectura
_2embne
_9142519
700 1 _aPolo García, Victorino.
_992878
710 2 _aUniversidad de Murcia.
_97228
852 _aES-MaACL
_jA-13486
_9191229
_bR.150792
_cDEPO1
_dOlim: N-6486
_hDonación: Real Academia Española
914 _96336
_aReal Academia Española
_ednr
942 _2udc
_cMONOGRAFIA
999 _c184245
_d184245